[Event "SVK-ch U14"]
[Site "Tatralandia"]
[Date "2024.04.10"]
[Round "7"]
[White "Cerny, Filip"]
[Black "Nevicky, Nikola"]
[Result "0-1"]
[WhiteElo "1643"]
[BlackElo "1981"]
[PlyCount "52"]
[EventDate "2024.04.05"]
[EventType "swiss"]
[EventRounds "9"]
[EventCountry "SVK"]
[SourceTitle "CB16_2024"]
[SourceDate "2024.04.17"]
[SourceVersion "1"]
[SourceVersionDate "2024.04.17"]
[SourceQuality "1"]

1. e4 c5 2. Nf3 b6 3. d4 cxd4 4. Nxd4 Bb7 5. Bd3 g6 6. 0-0 Bg7 7. Nb3 Nc6 8. Nc3 Nf6 9. f4 Nb4 10. e5 Nfd5 11. Nxd5 Nxd5 12. Bd2 e6 13. Qg4 0-0 14. f5 exf5 15. Bxf5 gxf5 16. Rxf5 Ne7 17. Bg5 Qe8 18. Bf6 Nxf5 19. Rf1 Kh8 20. Qxf5 Qe6 21. Qh5 Bxf6 22. Rxf6 Qd5 23. Qe2 Rg8 24. Rf2 Rg6 25. c4 Qe4 26. Qf1 Rag8 0-1